000 00867nam a2200289 i 4500
001 C2-0335555
003 PPAK
005 20180728134928.0
008 160202s2007 my a|||| ||||| | eng d
020 _a9789833993017
040 _aPPAK
_beng
_cPPAK
_erda
082 0 4 _a297.092
_223
090 0 0 _a297.092
_bTEH
_dK
100 0 _aTeh Sharifuddin,
_eauthor
245 1 0 _aAl-Biruni
264 1 _aSelangor :
_bPustaka Buku Dameen ,
_c2007
300 _a32 pages :
_bcolour illustrations ;
_c27 cm
336 _2rdacontent
_atext
337 _2rdamedia
_aunmediated
338 _2rdacarrier
_avolume
490 1 _aThe pioneers of Islamic science
500 _aIncludes glossary
650 1 0 _aAl-Biruni - Biography. ; Muslim scienctists - Biography - Juvenile literature.
700 _eauthor
830 0 _aThe pioneers of Islamic science
942 _ddc
_cB
999 _c133701
_d133701